000 00690nam a22001817a 4500
005 20240530110546.0
008 160530s2014 ua a g 000 0 ara d
017 _a2013/35355
_bمصر .دار الكتب المصرية
040 _aEG-CaGPL
082 0 4 _221
_a070.449/
_bح أ
100 0 _aحسنين شفيق .
245 1 0 _aاساسيات و تقنيات صحافة الفيديو /
_cتاليف حسنين شفيق .
260 _aالقاهرة :
_bدار فكر و فن للطباعة و النشر و التوزيع ،
_c2013 .
300 _a341 ص ؛
_c24 سم .
650 0 4 _aصحافة الفيديو .
942 _2ddc
_cBK
999 _c62363
_d62363